15 chansons aléatoires des Daft Punk #1 - Statistiques

Statistiques générales
  • Ce quiz a été pris 120 fois
  • Le résultat moyen est 7 sur 15
Statistiques - réponses
Album Réponse % Correct
Random Access Memories Get Lucky
93%
Discovery One more time
81%
Homework Da funk
75%
Homework Around the world
70%
Discovery Veridis quo
63%
Random Access Memories Instant Crush
57%
Random Access Memories Touch
47%
Discovery Face to face
42%
Random Acces Memories Giorgio by Moroder
42%
Random Access Memories Contact
40%
Discovery Something about us
40%
Homework Revolution 909
33%
Discovery Shortcircuit
31%
Random Access Memories Fragments of time
24%
Homework Musique
5%
Aucun quiz correspondant
Distribution des résultats
% des personnes avec chaque résultat
Percentile par nombre de réponses
Votre historique - résultats
Vous n’avez pas pris ce quiz